000
00252nam a2200097Ia 4500
001
807726
005
20250826171236.0
008
250824s9999 xx 000 0 und d
245
0
_a
O.K. MUSTİ TÜRKİYE TAMAMDIR
_c
ALEV ALATLI
260
_b
EVEREST YAYINLARI
999
_c
807726
_d
807726